| 000 | 01139cam a22002531i 4500 | ||
|---|---|---|---|
| 003 | SA-RiAUC | ||
| 005 | 20250128153318.0 | ||
| 008 | 241220s2007 su g b 000 0 ara c | ||
| 040 |
_aSA-JeALM _bara _cSA-RiAUC _erda |
||
| 082 | 0 | 4 | _a258.3 |
| 090 |
_a258.3 _bع م ر |
||
| 100 | 1 |
_aالعمراني، يحيى بن سالم بن أسعد، _d489-558 هجري _eمؤلف. |
|
| 245 | 1 | 2 |
_aالبيان في مذهب الإمام الشافعي / _cأبو الحسين يحيى بن أبي الخير سالم العمراني الشافعي اليمني ؛ تحقيق قاسم محمد النوري. |
| 264 | 1 |
_aجدة، السعودية : _bدار المنهاج للنشر والتوزيع، _c[ د ت ] |
|
| 300 |
_a14 مجلد ؛ _c24 سم |
||
| 336 |
_aنص _btxt _2rdacontent _3كتاب |
||
| 337 |
_aبدون وسيط _bn _2rdamedia |
||
| 338 |
_aمجلد _bnc _2rdacarrier |
||
| 504 | _aيشتمل على إرجاعات ببليوجرافية. | ||
| 650 | 7 |
_aالفقه الشافعي _2aucsh |
|
| 700 | 1 |
_aالنوري، قاسم محمد عارف _eمحقق. |
|
| 942 |
_2ddc _cBOOK _n0 |
||
| 949 |
_aSA-JeALM _d241220 _uosman123 _n1 |
||
| 999 |
_c3748 _d3748 |
||